[Event "BUL-ch U20"]
[Site "Sofia"]
[Date "2023.02.05"]
[Round "7"]
[White "Trendafilov, Simeon"]
[Black "Dimitrov, Martin"]
[Result "0-1"]
[WhiteElo "1935"]
[BlackElo "1778"]
[PlyCount "106"]
[EventDate "2023.02.01"]
[EventType "swiss"]
[EventRounds "7"]
[EventCountry "BUL"]
[SourceTitle "CBM 212 Extra"]
[Source "ChessBase"]
[SourceDate "2023.03.31"]
[SourceVersion "1"]
[SourceVersionDate "2023.03.31"]
[SourceQuality "1"]

1. d4 d5 2. c4 dxc4 3. e3 Be6 4. Na3 Nf6 5. Nxc4 Bd5 6. f3 e6 7. Ne5 Nbd7 8. Nxd7 Qxd7 9. e4 Bc6 10. Ne2 0-0-0 11. Nc3 Qxd4 12. Qxd4 Rxd4 13. Be3 Rd7 14. a3 b6 15. Rc1 Kb8 16. Nb5 Bb7 17. Bf4 Ne8 18. Be2 a6 19. Nc3 Bc5 20. b4 Bd4 21. Bd1 f5 22. exf5 exf5 23. Bb3 Nf6 24. h4 Nh5 25. Bh2 Re8+ 26. Kf1 Rde7 27. Nd5 Bxd5 28. Bxd5 Bb2 29. Rb1 Bc3 30. g4 fxg4 31. fxg4 Rf8+ 32. Kg2 Re2+ 33. Kh3 Nf6 34. Bf3 Re3 35. Kg2 Ne4 36. Bxe4 Rxe4 37. g5 Kb7 38. Bg3 Re2+ 39. Kh3 Ra2 40. Rb3 Rc2 41. Rd1 Rf7 42. Rd3 Bb2 43. a4 h5 44. gxh6 gxh6 45. Rd5 Bc1 46. Rh5 Rc4 47. Rd5 Re7 48. Rf5 Bd2 49. Rf6 Ree4 50. Rf7 b5 51. axb5 axb5 52. Rf5 Rxb4 53. Rxb4 Rxb4 0-1

[Event "BUL-ch U20"]
[Site "Sofia"]
[Date "2023.02.01"]
[Round "1"]
[White "Trendafilov, Simeon"]
[Black "Dokuzov, Nikolay"]
[Result "1/2-1/2"]
[WhiteElo "1935"]
[BlackElo "1470"]
[PlyCount "113"]
[EventDate "2023.02.01"]
[EventType "swiss"]
[EventRounds "7"]
[EventCountry "BUL"]
[SourceTitle "CBM 212 Extra"]
[Source "ChessBase"]
[SourceDate "2023.03.31"]
[SourceVersion "1"]
[SourceVersionDate "2023.03.31"]
[SourceQuality "1"]

1. Nf3 Nf6 2. d4 g6 3. c4 Bg7 4. Nc3 d6 5. e4 Nbd7 6. Be2 0-0 7. 0-0 e5 8. d5 a5 9. Nd2 Nc5 10. b3 Ne8 11. Rb1 f5 12. f3 Nf6 13. a3 Bd7 14. Qc2 f4 15. b4 axb4 16. axb4 Na4 17. Ra1 Nxc3 18. Qxc3 Rxa1 19. Qxa1 Qa8 20. Bb2 g5 21. c5 h5 22. Nc4 Bb5 23. Qd1 Qa7 24. Kh1 Nd7 25. cxd6 Bxc4 26. Bxc4 cxd6 27. Bb5 Nf6 28. Qc2 Qb6 29. Qc4 g4 30. Bc3 Rf7 31. Be1 Rc7 32. Qe2 Qd4 33. Qa2 Rc1 34. Qa3 Ra1 35. Qb3 gxf3 36. gxf3 Nxe4 37. Qc2 Nf6 38. Qc8+ Kh7 39. Qf5+ Kh8 40. Bh4 Rxf1+ 41. Bxf1 Nh7 42. Bd3 Qa1+ 43. Bb1 Nf8 44. Be7 Qc3 45. Qe4 Qc7 46. Bxf8 Bxf8 47. Qg6 Qg7 48. Qxh5+ Qh6 49. Qf7 Qg7 50. Qe8 Kg8 51. Bf5 Qe7 52. Qg6+ Qg7 53. Be6+ Kh8 54. Qe8 Qe7 55. Qh5+ Qh7 56. Qxh7+ Kxh7 57. Bf5+ 1/2-1/2